Closest NFL Teams to Philadelphia - Statistics

General Stats
  • This quiz has been taken 40 times
  • The average score is 12 of 15
Answer Stats
Distance Team % Correct
319 mi Steelers
91%
95 mi Giants
89%
446 mi Browns
86%
533 mi Panthers
86%
303 mi Patriots
86%
99 mi Ravens
86%
798 mi Titans
86%
578 mi Bengals
83%
369 mi Bills
83%
650 mi Colts
83%
763 mi Bears
80%
771 mi Falcons
74%
588 mi Lions
74%
842 mi Jaguars
66%
129 mi Washington
63%
No matching quizzes found
Score Distribution
Percent of People with Each Score
Percentile by Number Answered
Your Score History
You have not taken this quiz